| 000 | 01058nam a22003137a 4500 | ||
|---|---|---|---|
| 003 | CHAP | ||
| 005 | 20220329140039.0 | ||
| 008 | 971013s r 10010 d | ||
| 010 | _a46167 | ||
| 011 | _a47139 | ||
| 035 | _a51281 | ||
| 040 | _cCHAP | ||
| 082 |
_a026.63 _bR4 1975 |
||
| 111 | 0 | 0 |
_aReunión Interamericana de Bibliotecarios y Documentalistas Agrícolas ( _n4 _d: 1975 _c: México, D. F.) _996382 |
| 245 | _aResúmenes y trabajos | ||
| 260 |
_aMéxico, D. F. : _b(s.e.), _c(s.a) |
||
| 300 | _apág.var. | ||
| 590 |
_aBATCH-UPD _b10 _c20130109 _lUCH01 _h2310 |
||
| 590 |
_aBATCH-UPD _b10 _c20130110 _lUCH01 _h1017 |
||
| 590 |
_aBATCH-UPD _b10 _c20130409 _lUCH01 _h1827 |
||
| 590 |
_aBATCH-UPD _b10 _c20130410 _lUCH01 _h0624 |
||
| 590 |
_aBATCH-UPD _b10 _c20130913 _lUCH01 _h2125 |
||
| 590 |
_aCONVERSION _b10 _c20130109 _lUCH01 _h1325 |
||
| 650 | 1 | 4 |
_aAgricultura _xSistemas de información. _91796 |
| 650 | 1 | 4 |
_aBibliotecas agrícolas _xCongresos. _912542 |
| 901 | _aBK | ||
| 942 | _cLIBRO | ||
| 949 |
_a026.63 R4 1975 _bBC _cB _d-114806 _eB _h60758 _i51281 _si |
||
| 999 |
_c46167 _d46167 |
||